Regreso a las estrellas / (Record no. 51328)

MARC details
000 -LEADER
campo de control de longitud fija 00623nam a2200193 i 4500
001 - NÚMERO DE CONTROL
campo de control 51328
003 - IDENTIFICADOR DE NÚMERO DE CONTROL
campo de control ES-MaACL
005 - FECHA Y HORA DE LA ÚLTIMA TRANSACCIÓN
campo de control 20240228185849.0
007 - CAMPO FIJO DE DESCRIPCIÓN FÍSICA--INFORMACIÓN GENERAL
campo de control de longitud fija t|
008 - DATOS DE LONGITUD FIJA--INFORMACIÓN GENERAL
campo de control de longitud fija 030812s1976 sp ||||1| spa d
100 1# - ENTRADA PRINCIPAL--NOMBRE DE PERSONA
Nombre de persona Daeniken, Erich von.
9 (RLIN) 182349
245 10 - MENCIÓN DEL TÍTULO
Título Regreso a las estrellas /
Mención de responsabilidad, etc. Erich von Daeniken ; [traducción de José Manuel Pomares].
250 ## - MENCION DE EDICION
Mención de edición [6ª ed.].
260 ## - PUBLICACIÓN, DISTRIBUCIÓN, ETC.
Lugar de publicación, distribución, etc. [Esplugues de Llobregat (Barcelona)] :
Nombre del editor, distribuidor, etc. Plaza & Janés,
Fecha de publicación, distribución, etc. [1976]
300 ## - DESCRIPCIÓN FÍSICA
Extensión 233 p., 8 lám. :
Otras características físicas il. ;
Dimensiones 22 cm.
700 0# - ENTRADA AGREGADA--NOMBRE PERSONAL
Nombre de persona Pomares, José M.,
Fechas asociadas al nombre 1943-
9 (RLIN) 92903
852 ## - LOCALIZACIÓN
Ubicación ES-MaACL
Número de control de estantería A-5918
Sublocalización o colección R.94868
Holdings
Estatus retirado Estado de pérdida Estado de daño No para préstamo Biblioteca de origen Biblioteca actual Ubicación en estantería Fecha de adquisición Fuente de adquisición Total de préstamos Signatura topográfica completa Código de barras Visto por última vez Precio de reemplazo Tipo de ítem Koha
        Biblioteca del Ateneo de Madrid Biblioteca del Ateneo de Madrid Sala Pecera Planta 1 17/01/2008     A-5918 1053983 23/02/2023 23/02/2023 Libro impreso